Football tous les clubs à avoir gagné la LDC par image - Statistiques

Statistiques générales
  • Ce quiz a été pris 127 fois
  • Le résultat moyen est 14 sur 15
Statistiques - réponses
Par images Réponse % Correct
Psg
100%
Real Madrid
97%
Barcelone
96%
Chelsea
96%
Liverpool
96%
Ac milan
95%
Manchester city
95%
Bayern Munich
94%
Juventus
94%
Manchester United
94%
Ajax
91%
Dortmund
90%
Inter
88%
Marseille
87%
Porto
86%
Aucun quiz correspondant
Distribution des résultats
% des personnes avec chaque résultat
Percentile par nombre de réponses
Votre historique - résultats
Vous n’avez pas pris ce quiz